Most wickets taken by bowlers in powerplay IPL 2023 - Statistics

General Stats
  • This quiz has been taken 29 times
  • The average score is 6 of 13
Answer Stats
Team Number of Wickets Answer % Correct
Gujarat Titans 17 Mohammed Shami
92%
Royal Challengers Bangalore 10 Mohammed Siraj
85%
Rajasthan Royals 10 Trent Boult
81%
Chennai Super Kings 10 Deepak Chahar
69%
Punjab Kings 6 Arshdeep Singh
50%
Sunrisers Hyderabad 7 Bhuvneshwar Kumar
50%
Chennai Super Kings 7 Tushar Deshpande
50%
Delhi Capitals 6 Ishant Sharma
35%
Sunrisers Hyderabad 7 Marco Jansen
23%
Delhi Capitals 5 Anrich Nortje
19%
Mumbai Indians 8 Jason Behrendorff
15%
Royal Challengers Bangalore 6 Wayne Parnell
15%
Kolkata Knight Riders 5 Varun Chakaravarthy
0%
No matching quizzes found
Score Distribution
Percent of People with Each Score
Percentile by Number Answered
Your Score History
You have not taken this quiz